| 000 | 00353nam a2200121Ia 4500 | ||
|---|---|---|---|
| 008 | 250110s9999 xx 000 0 und d | ||
| 041 | _aeng | ||
| 100 |
_aWaghray Ankita _9183159 |
||
| 245 | _aLandscape Design Strategies To Improve Soundscape Quality In Urban Parks | ||
| 260 |
_bBNCA M Arch LA, Pune _c2017 |
||
| 300 | _a37p | ||
| 700 | _aGuide Name:BNCA | ||
| 999 |
_c364030 _d364030 |
||